| 000 | 01074cam a2200289 a 4500 | ||
|---|---|---|---|
| 001 | 2471 | ||
| 005 | 20231211112740.0 | ||
| 020 | _a9780670014385 (hardcover) | ||
| 040 |
_aDLC _cDLC _dDLC _beng |
||
| 050 | 0 | 0 |
_aPZ7.K5665 _bKe 2012 |
| 082 | 0 | 0 |
_a813.6 _223 |
| 100 | 1 | _aKindl, Patrice | |
| 245 | 1 | 0 |
_aKeeping the castle : _ba tale of romance, riches, and real estate / _cPatrice Kindl |
| 250 | _aFirst Scholastic printing, January 2013 | ||
| 260 |
_aNew York : _bScholastic, _c2012 |
||
| 300 |
_a261 pages ; _c19 cm |
||
| 500 | _aSequel: A school for brides : a story of maidens, mystery, and matrimony. | ||
| 505 | _aZ | ||
| 520 | _aIn order to support her family and maintain their ancient castle in Lesser Hoo, seventeen-year-old Althea bears the burden of finding a wealthy suitor who can remedy their financial problems. | ||
| 521 |
_a1050 _bLexile |
||
| 521 |
_aZ _bRaz-Plus |
||
| 650 | 1 |
_aSocial classes _vFiction. |
|
| 650 | 1 |
_aCourtship _vFiction. |
|
| 650 | 1 |
_aCastles _vFiction. |
|
| 906 |
_a7 _bcbc _corignew _d1 _eecip _f20 _gy-gencatlg |
||
| 942 |
_2ddc _cBK _n0 |
||
| 999 |
_c2471 _d2471 |
||